000 01475naa a22003377a 4500
001 BR8805569
003 BR-BrBNA
005 20240918180309.0
007 ta
008 230509b bl.||||| |||| 00| 0 por d
040 _aBR-BrBNA
_bpor
_cBiblioteca Nacional de Agricultura
041 _a(Pt)
072 _aL02; F01
_b5212
_b1950
_b1930
090 _aL02 BR8805569
100 1 _aAbramides, P.L.G.
111 1 _a2. Simposio sobre Producao Animal
_cNova Odessa, SP (Brazil)
_d17-19 Jun 1986
245 1 _aDesempenho de bovinos em pastagens consorciadas
246 1 _a[Performance of bovines in multiple cropping pastures]
246 1 _a[Annals of the 2nd Conference on Animal Production]
260 3 _aCampinas, SP (Brasil):
_c1986.
500 _aBufarah, G.; Nascimento, J. do; Moura, M.P. de; Freitas, M.A.R. de (eds.) Anais do 2. Simposio sobre Producao Animal Campinas, SP (Brasil): 1986. p. 1-16 (BR8805569-AM)L02
650 _aBOVINO
650 _aPASTAGEM
650 _aNUTRICAO ANIMAL
650 _aLEGUMINOSA FORRAGEIRA
650 _aGRAMINEA FORRAGEIRA
650 _aCONSORCIACAO DE CULTURA
773 0 _tAnais do 2. Simposio sobre Producao Animal
_aBufarah, G.; Nascimento, J. do; Moura, M.P. de; Freitas, M.A.R. de (eds.). Sociedade Brasileira de Zootecnia, Campinas, SP (Brasil);Instituto de Zootecnia, Campinas, SP (Brasil)
_wL02 BR8805569
_gCampinas, SP (Brasil), 1986. p. 1-16
909 _a202404
_bLucia
_c55
_dLucia Elande
942 _cAM
_2AGRIS
999 _c319646
_d319646